[Event "Mittelfranken Landesliga Sued 2223"]
[Site "Mittelfranken"]
[Date "2023.03.05"]
[Round "7.7"]
[White "Jergler, Karl Heinz"]
[Black "Liesecke, Christian"]
[Result "1/2-1/2"]
[WhiteElo "2044"]
[BlackElo "1936"]
[PlyCount "90"]
[EventDate "2022.10.09"]
[EventType "team-tourn"]
[EventRounds "9"]
[EventCountry "GER"]
[SourceTitle "EXT 2024"]
[Source "ChessBase"]
[SourceDate "2023.10.10"]
[SourceVersion "1"]
[SourceVersionDate "2023.10.10"]
[SourceQuality "1"]
[WhiteTeam "Rottal Inn"]
[BlackTeam "Neuburg"]
[WhiteTeamCountry "GER"]
[BlackTeamCountry "GER"]

1. e4 c5 2. c3 Qa5 3. Na3 d6 4. Nf3 Nf6 5. e5 dxe5 6. Nxe5 Nbd7 7. Nec4 Qc7 8. d4 cxd4 9. Nb5 Qc6 10. Nxd4 Qc7 11. Nb5 Qb8 12. Be2 a6 13. Nd4 g6 14. 0-0 Bg7 15. Bg5 0-0 16. Qc1 e5 17. Nb3 b6 18. Rd1 Bb7 19. Ne3 Qc7 20. Qc2 Rfe8 21. Nd2 Rac8 22. Bf3 e4 23. Be2 b5 24. Rac1 Nc5 25. Nb3 h6 26. Bxf6 Bxf6 27. Nd5 Qe5 28. Nxf6+ Qxf6 29. Nxc5 Rxc5 30. Qd2 e3 31. fxe3 Qg5 32. Bf1 Rd5 33. Qf2 Rxe3 34. Rxd5 Bxd5 35. a3 Rf3 36. Qe1 Rf4 37. Rd1 Rg4 38. Qd2 Qxd2 39. Rxd2 Rg5 40. g3 Kf8 41. Bg2 Bxg2 42. Kxg2 Ke7 43. Kf3 Re5 44. Rd4 Rh5 45. h4 Rf5+ 1/2-1/2

[Event "AUT-chT2W 2122"]
[Site "Austria"]
[Date "2022.06.05"]
[Round "8.6"]
[White "Jergler, Karl Heinz"]
[Black "Kranebitter, Gerhard"]
[Result "1-0"]
[WhiteElo "2064"]
[BlackElo "1975"]
[PlyCount "57"]
[EventDate "2021.10.15"]
[EventType "team-tourn"]
[EventRounds "11"]
[EventCountry "AUT"]
[SourceTitle "EXT 2023"]
[Source "ChessBase"]
[SourceDate "2022.10.05"]
[SourceVersion "1"]
[SourceVersionDate "2022.10.05"]
[SourceQuality "1"]
[WhiteTeam "Ranshofen"]
[BlackTeam "Rochade Rum"]
[WhiteTeamCountry "AUT"]
[BlackTeamCountry "AUT"]

1. e4 e6 2. d4 d5 3. Nc3 Nf6 4. Bg5 h6 5. Bxf6 Qxf6 6. e5 Qd8 7. Bd3 c5 8. dxc5 Bxc5 9. Nf3 a6 10. 0-0 Nc6 11. a3 b5 12. Qe2 0-0 13. Rae1 Bd7 14. Nd1 Be7 15. c3 Na5 16. Nd4 Nc4 17. f4 g6 18. Rf3 Bc5 19. Rg3 Kh7 20. Qh5 Rg8 21. Rh3 Qf8 22. Re2 Rh8 23. Rg3 Rg8 24. Nf2 Kh8 25. Qh3 Bxd4 26. cxd4 Ra7 27. Ng4 h5 28. Nf6 Rg7 29. Rg5 1-0

[Event "AUT-chT2W 2122"]
[Site "Austria"]
[Date "2022.06.04"]
[Round "7.6"]
[White "Tabernig, Bernhard"]
[Black "Jergler, Karl Heinz"]
[Result "1-0"]
[WhiteElo "2301"]
[BlackElo "2064"]
[PlyCount "67"]
[EventDate "2021.10.15"]
[EventType "team-tourn"]
[EventRounds "11"]
[EventCountry "AUT"]
[SourceTitle "EXT 2023"]
[Source "ChessBase"]
[SourceDate "2022.10.05"]
[SourceVersion "1"]
[SourceVersionDate "2022.10.05"]
[SourceQuality "1"]
[WhiteTeam "Mayrhofen/Zillertal"]
[BlackTeam "Ranshofen"]
[WhiteTeamCountry "AUT"]
[BlackTeamCountry "AUT"]

1. d4 Nf6 2. c4 g6 3. Nc3 d5 4. cxd5 Nxd5 5. e4 Nxc3 6. bxc3 Bg7 7. Be3 c5 8. Qd2 cxd4 9. cxd4 Nc6 10. Bb5 Bd7 11. Ne2 0-0 12. 0-0 a6 13. Bd3 Qa5 14. Qxa5 Nxa5 15. Rac1 Rfc8 16. d5 b5 17. Bb6 Nc4 18. Bxc4 bxc4 19. Bd4 Rab8 20. Bxg7 Kxg7 21. Nc3 Rb2 22. h3 Rcb8 23. Rfd1 Kf8 24. Kf1 Ke8 25. Ke1 Kd8 26. Rd2 R2b4 27. Ke2 f6 28. Ke3 a5 29. f4 a4 30. Kd4 a3 31. Rf1 Rb2 32. Rff2 R2b4 33. e5 Bf5 34. d6 1-0

[Event "AUT-chT2W 2122"]
[Site "Austria"]
[Date "2022.06.03"]
[Round "6.6"]
[White "Jergler, Karl Heinz"]
[Black "Ciolek, Andreas"]
[Result "1-0"]
[WhiteElo "2064"]
[BlackElo "2240"]
[PlyCount "99"]
[EventDate "2021.10.15"]
[EventType "team-tourn"]
[EventRounds "11"]
[EventCountry "AUT"]
[SourceTitle "EXT 2023"]
[Source "ChessBase"]
[SourceDate "2022.10.05"]
[SourceVersion "1"]
[SourceVersionDate "2022.10.05"]
[SourceQuality "1"]
[WhiteTeam "Ranshofen"]
[BlackTeam "Schach ohne Grenzen"]
[WhiteTeamCountry "AUT"]
[BlackTeamCountry "AUT"]

1. e4 c5 2. c3 Nf6 3. e5 Nd5 4. d4 cxd4 5. Nf3 e6 6. cxd4 d6 7. a3 Be7 8. Bd3 0-0 9. 0-0 b6 10. Qe2 Bb7 11. Qe4 g6 12. Bh6 Re8 13. Qg4 dxe5 14. dxe5 Ne3 15. fxe3 Qxd3 16. Nc3 Qf5 17. Qg3 Nc6 18. e4 Qh5 19. Qf4 Ba6 20. Rf2 Bf8 21. Bxf8 Rxf8 22. g4 Qh3 23. Rg2 f6 24. exf6 e5 25. f7+ Kg7 26. Nxe5 Nxe5 27. Qxe5+ Kxf7 28. Rd1 Kg8 29. Nd5 Rf7 30. Nf6+ Kf8 31. Rg3 Qh4 32. g5 h6 33. Nd7+ Kg8 34. Qe6 Qh5 35. Rd2 Kg7 36. Ne5 Rf1+ 37. Kg2 Bb5 38. Qe7+ Kh8 39. gxh6 Qxh6 40. Nxg6+ Kg8 41. Nf4+ Kh8 42. Qe5+ Kh7 43. Qf5+ Kh8 44. Qe5+ Kh7 45. Qe7+ Kh8 46. Rd8+ Rxd8 47. Qxd8+ Kh7 48. Qc7+ Kh8 49. Qd8+ Kh7 50. Qg8# 1-0

[Event "Mittelfranken Landesliga Sued 2122"]
[Site "Mittelfranken"]
[Date "2022.03.20"]
[Round "4.6"]
[White "Jergler, Karl Heinz"]
[Black "Weichlein, Paul"]
[Result "0-1"]
[WhiteElo "2054"]
[BlackElo "2072"]
[PlyCount "124"]
[EventDate "2021.10.24"]
[EventType "team-tourn"]
[EventRounds "9"]
[EventCountry "GER"]
[SourceTitle "EXT 2024"]
[Source "ChessBase"]
[SourceDate "2023.10.10"]
[SourceVersion "1"]
[SourceVersionDate "2023.10.10"]
[SourceQuality "1"]
[WhiteTeam "Rottal Inn"]
[BlackTeam "Haunstetten"]
[WhiteTeamCountry "GER"]
[BlackTeamCountry "GER"]

1. e4 c5 2. c3 Nf6 3. e5 Nd5 4. d4 cxd4 5. Nf3 Nc6 6. Bc4 e6 7. cxd4 d6 8. 0-0 Be7 9. Qe2 0-0 10. Nc3 Nxc3 11. bxc3 b6 12. Bd3 Bb7 13. Qe4 g6 14. Bh6 Re8 15. Rad1 Qc7 16. Qf4 dxe5 17. dxe5 Rad8 18. Rfe1 Rd5 19. c4 Ra5 20. h4 Rxa2 21. Ng5 Nd8 22. Be4 f5 23. Bxb7 Qxb7 24. h5 Bc5 25. Rf1 Nf7 26. Nxf7 Kxf7 27. hxg6+ hxg6 28. Bg5 Rh8 29. Bf6 Rh5 30. Rd2 Rxd2 31. Qxd2 Be7 32. Rd1 Bxf6 33. exf6 Qc7 34. Qd7+ Qxd7 35. Rxd7+ Kxf6 36. Rxa7 Rh4 37. Rb7 Rxc4 38. Rxb6 Rc1+ 39. Kh2 g5 40. g3 Re1 41. Kg2 Re4 42. Rb5 Ra4 43. Rb3 Ra6 44. Rc3 e5 45. Rb3 Re6 46. Ra3 e4 47. Kf1 Kg6 48. Ra5 Rf6 49. Kg2 Kh5 50. Kh3 Rh6 51. Kg2 Kg4 52. Ra4 Re6 53. f3+ Kh5 54. g4+ fxg4 55. fxe4 Kh4 56. Ra8 g3 57. Ra4 Rb6 58. e5+ g4 59. Re4 Rb2+ 60. Kg1 Kh3 61. Re1 Rg2+ 62. Kh1 Rh2+ 0-1

[Event "AUT-chT2W 2122"]
[Site "Austria"]
[Date "2022.03.12"]
[Round "10.6"]
[White "Jergler, Karl Heinz"]
[Black "Lins, Philipp"]
[Result "1/2-1/2"]
[WhiteElo "2064"]
[BlackElo "2161"]
[PlyCount "79"]
[EventDate "2021.10.15"]
[EventType "team-tourn"]
[EventRounds "11"]
[EventCountry "AUT"]
[SourceTitle "EXT 2023"]
[Source "ChessBase"]
[SourceDate "2022.10.05"]
[SourceVersion "1"]
[SourceVersionDate "2022.10.05"]
[SourceQuality "1"]
[WhiteTeam "Ranshofen"]
[BlackTeam "Hohenems II"]
[WhiteTeamCountry "AUT"]
[BlackTeamCountry "AUT"]

1. e4 d6 2. d4 Nf6 3. Nc3 c6 4. Nge2 Nbd7 5. h3 b5 6. a3 Bb7 7. Ng3 a5 8. Bd3 b4 9. axb4 axb4 10. Rxa8 Qxa8 11. Nce2 e6 12. c3 c5 13. f3 bxc3 14. bxc3 Be7 15. 0-0 0-0 16. Be3 Rc8 17. Qa1 Bd8 18. Re1 Qxa1 19. Rxa1 Ra8 20. Rxa8 Bxa8 21. Bb5 cxd4 22. cxd4 Bb6 23. Kf2 Kf8 24. Nc3 Ke7 25. Ke2 Bb7 26. Na4 Ba7 27. Kd3 Ne8 28. Ke2 Nc7 29. Bd3 Ba6 30. Kd2 Bxd3 31. Kxd3 f6 32. Ne2 d5 33. Nac3 g5 34. g4 Nb6 35. Bc1 dxe4+ 36. fxe4 h6 37. Ba3+ Kf7 38. Bd6 Ne8 39. Bc5 Nc8 40. Bxa7 1/2-1/2

[Event "Mittelfranken Landesliga Sued 2122"]
[Site "Mittelfranken"]
[Date "2021.10.24"]
[Round "1.6"]
[White "Stocker, Rupert"]
[Black "Jergler, Karl Heinz"]
[Result "1/2-1/2"]
[WhiteElo "2002"]
[BlackElo "2054"]
[PlyCount "149"]
[EventDate "2021.10.24"]
[EventType "team-tourn"]
[EventRounds "9"]
[EventCountry "GER"]
[SourceTitle "EXT 2024"]
[Source "ChessBase"]
[SourceDate "2023.10.10"]
[SourceVersion "1"]
[SourceVersionDate "2023.10.10"]
[SourceQuality "1"]
[WhiteTeam "Groebenzell II"]
[BlackTeam "Rottal Inn"]
[WhiteTeamCountry "GER"]
[BlackTeamCountry "GER"]

1. c4 Nf6 2. g3 g6 3. Bg2 d5 4. cxd5 Nxd5 5. Qb3 c6 6. Nf3 Bg7 7. 0-0 0-0 8. d4 Qb6 9. Qa4 Bf5 10. Nbd2 Nf6 11. Nc4 Qa6 12. Qxa6 Nxa6 13. Na5 Bc8 14. Bf4 Nd5 15. Be5 f6 16. Bf4 Nxf4 17. gxf4 Nb4 18. a3 Nd5 19. e3 Rb8 20. Rac1 Bd7 21. h4 Rfc8 22. Kh2 Bh6 23. Kg3 Kf7 24. Rfd1 Rg8 25. Nc4 Be6 26. Ne1 Rgd8 27. Nd3 Bd7 28. e4 Nb6 29. Na5 e6 30. Rc2 Bf8 31. Nb3 Na4 32. Kf3 h5 33. Ke3 Be7 34. Bh3 b6 35. Nd2 b5 36. Nb3 Nb6 37. Nbc5 Nc4+ 38. Ke2 Bc8 39. Nb4 Na5 40. Rd3 Bxc5 41. Rxc5 Bd7 42. e5 Rb6 43. Bg2 Be8 44. Rc2 Nc4 45. Na2 Rbb8 46. Nc1 Rbc8 47. Nb3 Nb6 48. Nc5 Nd5 49. Kf3 Rc7 50. Bh3 f5 51. Bf1 a5 52. b3 Ra7 53. Rdd2 Rb8 54. Ra2 Nc3 55. Ra1 Rba8 56. a4 b4 57. Bc4 Re7 58. Rg1 Rd8 59. Ke3 Rc8 60. Rc2 Nd5+ 61. Kf3 Rec7 62. Rgc1 Ke7 63. Bxd5 cxd5 64. Ke3 Bd7 65. f3 Be8 66. Kd3 Bd7 67. Nb7 Rxb7 68. Rxc8 Bxc8 69. Rxc8 Kd7 70. Ra8 Rc7 71. Rxa5 Rc3+ 72. Ke2 Rxb3 73. Rb5 Kc6 74. Rb8 Rb1 75. Ke3 1/2-1/2

[Event "Landesliga Sued 1920"]
[Site "Bayern"]
[Date "2019.12.08"]
[Round "4.7"]
[White "Jergler, Karl Heinz"]
[Black "Reimann, Matthias"]
[Result "1/2-1/2"]
[WhiteElo "2092"]
[BlackElo "2031"]
[PlyCount "47"]
[EventDate "2019.09.29"]
[EventType "team-tourn"]
[EventRounds "9"]
[EventCountry "GER"]
[SourceTitle "EXT 2021"]
[Source "ChessBase"]
[SourceDate "2020.10.23"]
[SourceVersion "1"]
[SourceVersionDate "2020.10.23"]
[SourceQuality "1"]
[WhiteTeam "Rottal Inn"]
[BlackTeam "Kriegshaber"]
[WhiteTeamCountry "GER"]
[BlackTeamCountry "GER"]

1. e4 c6 2. d4 g6 3. Nc3 Bg7 4. Nge2 d5 5. h3 dxe4 6. Nxe4 Nf6 7. Nxf6+ exf6 8. Be3 0-0 9. Qd2 Re8 10. 0-0-0 Nd7 11. Bh6 Bh8 12. h4 Nb6 13. Nc3 Be6 14. h5 Nc4 15. Bxc4 Bxc4 16. hxg6 fxg6 17. Rhe1 Qa5 18. a3 f5 19. Rxe8+ Rxe8 20. Bf4 Bg7 21. Bh6 Bf6 22. Bg5 Bg7 23. Bh6 Bf6 24. Bg5 1/2-1/2

[Event "Arber op 8th"]
[Site "Bodenmais"]
[Date "2019.08.02"]
[Round "7"]
[White "Jergler, Karl Heinz"]
[Black "Vanhee, Lars"]
[Result "1-0"]
[WhiteElo "2094"]
[BlackElo "1895"]
[PlyCount "69"]
[EventDate "2019.07.27"]
[EventType "swiss"]
[EventRounds "9"]
[EventCountry "GER"]
[SourceTitle "CBM 191 Extra"]
[Source "ChessBase"]
[SourceDate "2019.09.30"]
[SourceVersion "1"]
[SourceVersionDate "2019.09.30"]
[SourceQuality "1"]

1. e4 c6 2. d4 d5 3. e5 Bf5 4. Nf3 e6 5. Be2 c5 6. c3 Nc6 7. 0-0 cxd4 8. Nxd4 Nge7 9. Nxf5 Nxf5 10. Bd3 Nh4 11. Re1 Be7 12. Nd2 Qc7 13. Qe2 0-0 14. g3 Ng6 15. Nf3 Rac8 16. h4 Rfd8 17. Bd2 a6 18. Rac1 Rd7 19. Kg2 Rdd8 20. Bb1 b5 21. Bxg6 hxg6 22. Nd4 Nxd4 23. cxd4 Qb7 24. h5 Rxc1 25. Rxc1 gxh5 26. Qxh5 f5 27. Rh1 Qd7 28. Qg6 Bf8 29. Bg5 Rc8 30. Rh6 Rc6 31. Qh7+ Kf7 32. Rf6+ Ke8 33. Qg6+ Kd8 34. Rxf8+ Kc7 35. Rf7 1-0

[Event "Arber op 8th"]
[Site "Bodenmais"]
[Date "2019.07.30"]
[Round "4"]
[White "Schmitz, Tim"]
[Black "Jergler, Karl Heinz"]
[Result "1/2-1/2"]
[WhiteElo "1870"]
[BlackElo "2094"]
[PlyCount "76"]
[EventDate "2019.07.27"]
[EventType "swiss"]
[EventRounds "9"]
[EventCountry "GER"]
[SourceTitle "CBM 191 Extra"]
[Source "ChessBase"]
[SourceDate "2019.09.30"]
[SourceVersion "1"]
[SourceVersionDate "2019.09.30"]
[SourceQuality "1"]

1. e4 c5 2. Nf3 Nc6 3. d4 cxd4 4. Nxd4 g6 5. Nc3 Bg7 6. Be3 Nf6 7. Bc4 Qa5 8. 0-0 0-0 9. Bb3 d6 10. h3 Bd7 11. Re1 Rac8 12. f4 Rfe8 13. Nf3 Qc7 14. Ng5 Rf8 15. Qd3 Be8 16. Rad1 Na5 17. Bd5 a6 18. Bd4 Nc4 19. Bxc4 Qxc4 20. e5 Qxd3 21. Rxd3 dxe5 22. fxe5 Nh5 23. e6 Bxd4+ 24. Rxd4 f6 25. Nd5 Rxc2 26. Nxe7+ Kg7 27. Nf3 Ng3 28. Rd2 Rxd2 29. Nxd2 Bc6 30. Nxc6 bxc6 31. Kf2 Nf5 32. g4 Ne7 33. Ke2 Rd8 34. Nc4 Kf8 35. Ne3 Rd6 36. Rd1 Rxe6 37. Kf3 Ke8 38. Rd3 Re5 1/2-1/2

[Event "Bamberg op 2nd"]
[Site "Bamberg"]
[Date "2019.05.30"]
[Round "2"]
[White "Scholz, Christian"]
[Black "Jergler, Karl Heinz"]
[Result "1-0"]
[WhiteElo "2372"]
[BlackElo "2099"]
[PlyCount "61"]
[EventDate "2019.05.29"]
[EventType "swiss"]
[EventRounds "7"]
[EventCountry "GER"]
[SourceTitle "CBM 190 Extra"]
[Source "ChessBase"]
[SourceDate "2019.07.15"]
[SourceVersion "1"]
[SourceVersionDate "2019.07.15"]
[SourceQuality "1"]

1. d4 Nf6 2. c4 g6 3. Nc3 d5 4. Bf4 Bg7 5. e3 0-0 6. Rc1 c5 7. dxc5 Na6 8. cxd5 Nxc5 9. Bc4 Qa5 10. a3 Nce4 11. Nge2 Nxc3 12. Nxc3 Ne4 13. Qb3 Nxc3 14. bxc3 Bf5 15. 0-0 Qc5 16. Rfd1 Rac8 17. Be2 Rfd8 18. Bf3 b5 19. e4 Bd7 20. Be2 a5 21. Be3 Qd6 22. Bxb5 Bxb5 23. Qxb5 Qxa3 24. Bb6 Rf8 25. c4 Bc3 26. c5 Bb4 27. c6 Qa2 28. Qd3 Qb2 29. Bd4 Qa3 30. Qc2 Bd6 31. e5 1-0

[Event "Arber op 7th"]
[Site "Bodenmais"]
[Date "2018.08.04"]
[Round "8"]
[White "Steinbach, Peter"]
[Black "Jergler, Karl Heinz"]
[Result "0-1"]
[WhiteElo "2000"]
[BlackElo "2152"]
[PlyCount "28"]
[EventDate "2018.07.28"]
[EventType "swiss"]
[EventRounds "9"]
[EventCountry "GER"]
[SourceTitle "CBM 185 Extra"]
[Source "ChessBase"]
[SourceDate "2018.07.29"]
[SourceVersion "1"]
[SourceVersionDate "2018.07.29"]
[SourceQuality "1"]

1. Nf3 Nf6 2. c4 g6 3. b4 Bg7 4. Bb2 0-0 5. g3 b6 6. Bg2 Bb7 7. Qc2 c5 8. a3 Nc6 9. bxc5 bxc5 10. 0-0 Rb8 11. Nc3 Nd4 12. Nxd4 Bxg2 13. Kxg2 cxd4 14. Nb5 Qc8 0-1